000 00796nam a2200265 i 4500
001 bg
100 1 _aWŁODARSKI, Jan Kazimierz
245 1 0 _aPodstawy eksploatacji maszyn okrętowych :
_btarcie i zużycie /
_cJan Kazimierz Włodarski.
260 _aGdynia :
_bWydawnictwo Akademii Morskiej,
_c2006.
300 _a247 s. :
_bil. ;
_c25 cm.
504 _aBibliogr. s. 245-247.
650 9 _aMaszyny okrętowe
_xeksploatacja
650 9 _aSmary
_xstosowanie
650 9 _aTarcie
650 9 _aTrybologia
655 _aPodręczniki akademickie
015 _aPB 13345/2006
020 _a8374210168
040 _cBPK
041 0 _apol
080 _a629.5:621.01:621.89:621.791/.795:531.4](075.8)
920 _a83-7421-016-8
942 _cKS
008 s pl f |000 0 pol
999 _c52072
_d52072
856 _uhttp://koha.tu.koszalin.pl/cgi-bin/koha/opac-detail.pl?biblionumber=52072
_yKatalog online BPK